Mina - Città Vuota - Lyrics - Statistics

General Stats
  • This quiz has been taken 6 times
  • The average score is 58 of 135
Answer Stats
Answer % Correct
Che
75%
Città
75%
I
75%
La
75%
Me
75%
Me?
75%
Me,
75%
Mi
75%
Vuota
75%
A
50%
Amor?
50%
Amor
50%
C'è
50%
Come
50%
Con
50%
Di
50%
E
50%
Giorni
50%
Il
50%
Io
50%
Ma
50%
Passa
50%
Se
50%
50%
Senza
50%
Te
50%
Accanto
25%
Ancor
25%
Baci
25%
Chi
25%
Da
25%
Darà
25%
Deserte
25%
Ed
25%
Finì
25%
Folla
25%
Intorno
25%
Leggo
25%
Miei
25%
M'importa
25%
Nome
25%
Non
25%
Nostro
25%
Nulla
25%
Ogni
25%
Ovunque
25%
Parla
25%
Penso
25%
Piene
25%
Più
25%
Puoi
25%
Ride
25%
Sa
25%
Sarà
25%
Sembrerà
25%
Sempre
25%
Senti
25%
Sera
25%
So
25%
Solo
25%
Soltanto
25%
Strade
25%
Suoi
25%
Torna
25%
Torni
25%
Tu
25%
Tuo
25%
Tutti
25%
Va
25%
Vedo
25%
Vivere
25%
Vivrò
25%
Vuole
25%
Vuote
25%
No matching quizzes found
Score Distribution
Percent of People with Each Score
Percentile by Number Answered
Your Score History
You have not taken this quiz